mysqli: Table './ulib62015/stat_globaluid' is marked as crashed and should be repaired
select id from stat_globaluid where statuid='20260517174048_2883'
mysqli: Table './ulib62015/stat_globaluid' is marked as crashed and should be repaired
DELETE FROM stat_globaluid
WHERE id NOT IN (
SELECT id
FROM (
SELECT id
FROM stat_globaluid
ORDER BY id DESC
LIMIT 100
) foo
);
mysqli: Table './ulib62015/stat_globaluid' is marked as crashed and should be repaired
insert into stat_globaluid set
statuid='20260517174048_2883',
dt='1779014448',
phpself='/ULIB62015/dublinfull.php',
agent='Mozilla/5.0 AppleWebKit/537.36 (KHTML, like Gecko; compatible; ClaudeBot/1.0; +claudebot@anthropic.com)',
yea='2026',
mon='5',
dat='17',
ip='216.73.216.45'
mysqli: Table './ulib62015/stathist_viewbib_bib_type' is marked as crashed and should be repaired
insert into stathist_viewbib_bib_type set
dat='17' ,
mon='05' ,
yea='2026' ,
statuid='20260517174048_2883' ,
head='22756' ,
foot='marc' ,
dt='1779014448'
| LEADER : 01174nam 2200277 a 4500 |
| 001 22756 |
| 003 ULIB |
| 008 030417s2004 caua sb 001 0 eng |
| 050 ^a84.6 |
| 060 ^aก128ผ |
| 082 ^aWA |
| 100 ^aกษิษฐา รักษ์มณี และคนอื่น ๆ |
| 245 ^aแผนงานสาธารณสุขมูลฐานในแผนพัฒนาการสาธารณสุขฉบับที่ 8 (พ.ศ.2540-2544) |
| 913 ^aImported by ULIBM Administrator |
| 945 ^p0^l0^i002135
|
| 945 ^p0^l0^i002136
|
| 945 ^p0^l0^i002137
|
| 945 ^p0^l0^i002138
|
| 945 ^p0^l0^i014062 |
| 949 ^aImport form external file by ULIBM system |
| คุณยังไม่ได้ล็อกอิน คุณสามารถมีกิจกรรมร่วมกับเว็บไซต์ได้ แต่ต้องล็อกอินก่อน :: |
|
|
|
รายการใกล้เคียง
ชื่อเรื่อง [แผนงานสาธารณสุขมูลฐานในแผนพัฒนาการสาธารณสุขฉบับที่ 8 (พ.ศ.2540-2544)]
ผู้แต่ง [กษิษฐา รักษ์มณี และคนอื่น ๆ]
|
|
ยังไม่เคยถูกคอมเมนท์
|
| คอมเมนท์ทรัพยากรรายการนี้ |
|